000 00364nam a22001337a 4500
020 _a0-13-114819-
082 _a658.3 CAR'K
100 _aKATZ, RALPH
_936252
245 _aCAREER ISSUES IN HUMAN RESOURCE MANAGEMENT
260 _aNEWJERSCY
_bPRENTICE HALL
_c1982
300 _a207P
650 _aPERSONAL MANAGEMENT ADDRESSES ASSAYS LECTURES
_974074
942 _cBK
999 _c579651
_d579651